000 00208nam a2200085 4500
001 1232360
005 20250922122850.0
245 _aKUDÜS
_cPRF DR NUH ASLANTAŞ DOÇ DR ELDAR HASANOĞLU
260 _bKÜLTÜR A.Ş
999 _c1232360
_d1232360